Requiem : The mole's tale /

Bibliographic Details
Main Author: Miki, Minoru, 1930-2011
Corporate Authors: Tokyo Liedertafel 1925 (Performer), Tōkyō Kōkyō Gakudan (Performer)
Other Authors: Odagiri, Kiyomitsu (Lyricist), Katsube, Futoroh (Performer), Kurokawa, Masahiro, 1925-1974 (Performer), Kato, Kuniko (Performer), Kobayashi, Kenʼichirō, 1940- (Conductor), Hori, Shunsuke (Conductor)
Format: CD Audio
Language:Japanese
Language Notes:Sung in Japanese; text of the 1st work by an unknown 18th-century poet; text of the 2nd work by Kiyomitsu Odagiri.
Published: [Tokyo] : Camerata, [1998]
Series:Miki, Minoru, 1930-2011. Works. 7.
Subjects:

MARC

Tag First Indicator Second Indicator Subfields
LEADER 00000cjm a2200000Ia 4500
001 in00002342607
005 20151108054500.0
007 sd fungnn|||ed
008 000315p19981990ja rqn dei jpnod
024 3 |a 4990355305294 
028 0 2 |a 30CM-529  |b Camerata 
033 1 0 |a 19900329  |a 19970927  |b 7964  |c T7 
035 |a (OCoLC)ocm43636969 
035 |a (OCoLC)43636969 
040 |a IXA  |c IXA  |d UtOrBLW 
041 0 |d jpn  |b eng  |e jpn  |g jpn 
043 |a a-ja--- 
049 |a TXAM 
090 |a M1538.M65  |b R47 1998 
100 1 |a Miki, Minoru,  |d 1930-2011. 
245 1 0 |a Requiem :  |b The mole's tale /  |c Miki Minoru. 
264 1 |a [Tokyo] :  |b Camerata,  |c [1998] 
264 4 |c ℗1998 
300 |a 1 sound disc :  |b digital ;  |c 4 3/4 in. 
336 |a performed music  |b prm  |2 rdacontent 
337 |a audio  |b s  |2 rdamedia 
338 |a audio disc  |b sd  |2 rdacarrier 
490 1 |a Miki Minoru senshū =  |a Minoru Miki selected works ;  |v 7 
546 |a Sung in Japanese; text of the 1st work by an unknown 18th-century poet; text of the 2nd work by Kiyomitsu Odagiri. 
511 0 |a Tokyo Symphony ; Futoru Katsube, bariton (1st work) ; Masahiro Kurokawa, Kuniko Kato, percussion (2nd work) ; Tokyo Liedertafel 1925; Ken'ichiroh Kobayashi (1st work), Shunsuke Hori (2nd work), conductors. 
518 |a Recorded live in Tokyo: Mar. 29, 1990, Suntory Hall (1st work) and Sept. 27, 1997, Tokyo International Forum (2nd work). 
500 |a Compact disc. 
500 |a Program notes and texts in Japanese with English translations ([13] pages : port.) in container. 
500 |a Sound recording. 
650 0 |a Choruses, Secular (Men's voices) with orchestra. 
650 0 |a Requiems. 
650 0 |a Choruses, Secular (Men's voices) with percussion. 
600 1 0 |a Odagiri, Kiyomitsu  |v Musical settings. 
700 1 |a Odagiri, Kiyomitsu,  |e lyricist. 
700 1 |a Katsube, Futoroh,  |e performer. 
700 1 |a Kurokawa, Masahiro,  |d 1925-1974,  |e performer. 
700 1 |a Kato, Kuniko,  |e performer. 
700 1 |a Kobayashi, Kenʼichirō,  |d 1940-  |e conductor. 
700 1 |a Hori, Shunsuke,  |e conductor. 
700 1 2 |a Miki, Minoru,  |d 1930-2011.  |t Mogura no monogatari. 
710 2 |a Tokyo Liedertafel 1925,  |e performer. 
710 2 |a Tōkyō Kōkyō Gakudan,  |e performer. 
740 0 2 |a Mole's tale. 
800 1 |a Miki, Minoru,  |d 1930-2011.  |t Works.  |k Selections (Miki Minoru senshū) ;  |v 7. 
994 |a C0  |b TXA 
948 |a cataloged  |b h  |c 2008/1/16  |d c  |e bhartsfi  |f 7:47:15 am 
999 |a MARS 
999 f f |s b58a07a0-5776-36cd-b3ec-072b7ffd6c32  |i 184d91f6-c45a-3387-a325-d9043c3d1b89  |t 0 
952 f f |p ric  |a Texas A&M University  |b Rellis Campus  |c Joint Library Facility  |d Remote Storage  |t 0  |e M1538.M65 R47 1998  |h Library of Congress classification  |i audio -- audio disc  |m A14836386813 
998 f f |a M1538.M65 R47 1998  |t 0  |l Remote Storage